[Event "RUS-ch Rapid (Women)"]
[Site "Sochi"]
[Date "2023.10.16"]
[Round "6"]
[White "Shafigullina, Zarina"]
[Black "Sukhareva, Evgenia"]
[Result "0-1"]
[WhiteElo "2071"]
[BlackElo "2111"]
[PlyCount "126"]
[EventDate "2023.10.15"]
[EventType "swiss (rapid)"]
[EventRounds "11"]
[EventCountry "RUS"]
[SourceTitle "Mega2024 Update 01"]
[Source "Chessbase"]
[SourceDate "2023.11.12"]
[SourceVersion "1"]
[SourceVersionDate "2023.11.12"]
[SourceQuality "1"]

1. d4 Nf6 2. Nf3 e6 3. c4 c5 4. g3 b6 5. Bg2 Bb7 6. 0-0 cxd4 7. Qxd4 Be7 8. Nc3 0-0 9. e4 d6 10. Rd1 a6 11. b3 Nbd7 12. Qe3 Qc7 13. Bb2 Rac8 14. Nd4 Rfe8 15. f4 Bf8 16. Qe2 g6 17. Rac1 Qb8 18. Re1 e5 19. fxe5 Nxe5 20. Nd5 Nfd7 21. Bh3 Bg7 22. Ba1 Ba8 23. Rf1 Rcd8 24. Rcd1 Nc5 25. Nf3 Bxd5 26. exd5 f5 27. Nd4 Ng4 28. Ne6 Nxe6 29. dxe6 Ne5 30. g4 fxg4 31. Bxg4 b5 32. Qf2 Rf8 33. Qg2 Qa7+ 34. Kh1 bxc4 35. bxc4 Qe7 36. Bh3 Nxc4 37. Bxg7 Kxg7 38. Qd5 Ne5 39. Rb1 Rxf1+ 40. Bxf1 Kh8 41. Bxa6 Qf6 42. Rf1 Qe7 43. Bb5 Rf8 44. Rxf8+ Qxf8 45. Kg2 Qe7 46. Kh1 Kg7 47. a4 h5 48. a5 Ng4 49. a6 Qf6 50. Qb7+ Kh6 51. Qf7 Qa1+ 52. Qf1 Qe5 53. Qe2 Qd5+ 54. Kg1 Qd4+ 55. Kg2 Qd5+ 56. Kg1 Qg5 57. e7 Ne5+ 58. Kh1 Qxe7 59. Qe3+ Kh7 60. Qe4 Qg5 61. Qb7+ Kh6 62. a7 Ng4 63. a8Q Nf2# 0-1

[Event "RUS-ch Rapid (Women)"]
[Site "Sochi"]
[Date "2023.10.16"]
[Round "10"]
[White "Sukhareva, Evgenia"]
[Black "Garifullina, Leya"]
[Result "1-0"]
[WhiteElo "2111"]
[BlackElo "2402"]
[PlyCount "109"]
[EventDate "2023.10.15"]
[EventType "swiss (rapid)"]
[EventRounds "11"]
[EventCountry "RUS"]
[SourceTitle "Mega2024 Update 01"]
[Source "Chessbase"]
[SourceDate "2023.11.12"]
[SourceVersion "1"]
[SourceVersionDate "2023.11.12"]
[SourceQuality "1"]

1. e4 c5 2. c3 d5 3. exd5 Qxd5 4. d4 Nc6 5. Nf3 Nf6 6. Na3 Bg4 7. Bc4 Qe4+ 8. Be3 cxd4 9. cxd4 e6 10. Nb5 Bb4+ 11. Nc3 Bxf3 12. gxf3 Qh4 13. Rg1 0-0 14. Qd2 Kh8 15. 0-0-0 Rad8 16. Rxg7 Be7 17. Rg3 a6 18. Kb1 b5 19. Bb3 Nh5 20. Rg4 Qh3 21. d5 Qxf3 22. Rdg1 Ne5 23. Bd1 Qh3 24. Bd4 Bf6 25. Re4 Nc4 26. Qh6 e5 27. Bxh5 Nd2+ 28. Qxd2 exd4 29. Qh6 Qf5 30. Bg4 Qxf2 31. Ne2 Bg7 32. Qf4 Qxf4 33. Rxf4 d3 34. Nc3 Bh6 35. Rf5 b4 36. Ne4 Rc8 37. Rh5 Be3 38. Bxc8 Bxg1 39. Bxa6 f5 40. Ng5 d2 41. Kc2 Be3 42. Nf3 f4 43. d6 Ra8 44. Bc4 Rc8 45. b3 Ra8 46. Rd5 Rxa2+ 47. Kd1 Ra8 48. d7 Bb6 49. Nxd2 Kg7 50. Re5 Ra7 51. Bb5 Ra1+ 52. Ke2 Ra2 53. Kd3 Ra1 54. Re8 Rh1 55. Rb8 1-0

[Event "RUS-ch Blitz (Women)"]
[Site "Sochi"]
[Date "2023.10.14"]
[Round "5"]
[White "Sukhareva, Evgenia"]
[Black "Badelka, Olga"]
[Result "0-1"]
[WhiteElo "2111"]
[BlackElo "2386"]
[PlyCount "110"]
[EventDate "2023.10.14"]
[EventType "swiss (blitz)"]
[EventRounds "13"]
[EventCountry "RUS"]
[SourceTitle "Mega2024 Update 01"]
[Source "Chessbase"]
[SourceDate "2023.11.12"]
[SourceVersion "1"]
[SourceVersionDate "2023.11.12"]
[SourceQuality "1"]

1. Nf3 d5 2. c4 c6 3. e3 g6 4. Nc3 Bg7 5. d4 Nf6 6. b3 0-0 7. Bb2 Bf5 8. Be2 Ne4 9. 0-0 a5 10. a3 Nd7 11. Nh4 Nxc3 12. Bxc3 Be6 13. c5 f6 14. f4 Bf7 15. Nf3 e5 16. b4 e4 17. Nd2 a4 18. b5 f5 19. Rb1 Nxc5 20. Bb4 Ne6 21. bxc6 bxc6 22. Rc1 c5 23. Bxc5 Nxc5 24. Rxc5 Qb6 25. Qc2 Rfb8 26. Rb1 Qd6 27. Rbb5 Bf8 28. Nb1 Rxb5 29. Rxb5 Qd7 30. h3 Rc8 31. Qxa4 Rc1+ 32. Kh2 Rxb1 33. Qa5 Rxb5 34. Bxb5 Qb7 35. a4 Bd6 36. Qd8+ Bf8 37. Qf6 Qa7 38. Bc6 Qe7 39. Qe5 Qxe5 40. fxe5 Bb4 41. Kg3 Kf8 42. Kf4 Ke7 43. Kg5 Bd2 44. Kf4 h6 45. h4 Be6 46. g4 g5+ 47. hxg5 hxg5+ 48. Kxg5 Bxe3+ 49. Kh4 fxg4 50. a5 Bxd4 51. a6 Ba7 52. Kg3 Kd8 53. Kf4 Kc7 54. Bb7 e3 55. Kg3 e2 0-1

[Event "RUS-ch Blitz (Women)"]
[Site "Sochi"]
[Date "2023.10.14"]
[Round "1"]
[White "Sukhareva, Evgenia"]
[Black "Tsamalaidze, Liana"]
[Result "1-0"]
[WhiteElo "2111"]
[BlackElo "1714"]
[PlyCount "77"]
[EventDate "2023.10.14"]
[EventType "swiss (blitz)"]
[EventRounds "13"]
[EventCountry "RUS"]
[SourceTitle "Mega2024 Update 01"]
[Source "Chessbase"]
[SourceDate "2023.11.12"]
[SourceVersion "1"]
[SourceVersionDate "2023.11.12"]
[SourceQuality "1"]

1. d4 d5 2. Nf3 Nf6 3. c4 e6 4. Bg5 Be7 5. e3 0-0 6. Qc2 h6 7. Bf4 c5 8. dxc5 Bxc5 9. a3 Bd6 10. Bxd6 Qxd6 11. Nc3 a6 12. Rd1 Qe7 13. cxd5 Nxd5 14. Nxd5 exd5 15. Rxd5 Be6 16. Rd1 Nd7 17. Be2 Nc5 18. b4 Nb3 19. Nd4 Nxd4 20. Rxd4 Rac8 21. Qb1 Rc3 22. a4 Rb3 23. Qe4 Ra3 24. 0-0 Qf6 25. a5 Ra2 26. Bf3 Qe7 27. h3 Rb8 28. Rfd1 Rb2 29. R1d2 Rxd2 30. Rxd2 b6 31. axb6 Rxb6 32. Rd4 Rd6 33. Qa8+ Kh7 34. Qe4+ Kg8 35. Qd3 Rxd4 36. exd4 Qxb4 37. d5 Bd7 38. Qxa6 Qe1+ 39. Qf1 1-0

[Event "RUS-ch Blitz (Women)"]
[Site "Sochi"]
[Date "2023.10.14"]
[Round "8"]
[White "Voit, Daria"]
[Black "Sukhareva, Evgenia"]
[Result "1-0"]
[WhiteElo "2343"]
[BlackElo "2111"]
[PlyCount "151"]
[EventDate "2023.10.14"]
[EventType "swiss (blitz)"]
[EventRounds "13"]
[EventCountry "RUS"]
[SourceTitle "Mega2024 Update 01"]
[Source "Chessbase"]
[SourceDate "2023.11.12"]
[SourceVersion "1"]
[SourceVersionDate "2023.11.12"]
[SourceQuality "1"]

1. d4 Nf6 2. c4 e6 3. Nf3 c5 4. d5 exd5 5. cxd5 d6 6. Nc3 a6 7. a4 g6 8. Bf4 Bg7 9. h3 0-0 10. e3 Qe7 11. Nd2 Nbd7 12. Be2 Ne8 13. Nc4 Rb8 14. a5 Ne5 15. Nb6 Nc7 16. 0-0 Na8 17. Nxc8 Rfxc8 18. Bg3 Nc7 19. Qc2 b5 20. axb6 Rxb6 21. Ra2 Rcb8 22. Rfa1 h5 23. Nd1 Nxd5 24. Rxa6 h4 25. Rxb6 Rxb6 26. Bh2 Rb8 27. Qe4 Nb4 28. Nc3 f5 29. Qf4 Bf6 30. Bc4+ Kg7 31. Bf1 Bg5 32. Qxb4 cxb4 33. Nd5 Qf7 34. Nf4 Bf6 35. Rd1 Rb6 36. Nd5 Rc6 37. Nxb4 Rb6 38. Nd5 Rxb2 39. Bf4 g5 40. Bh2 Qh5 41. Rc1 Kf7 42. f3 Ke6 43. Nc3 Rb1 44. Ne2 Ra1 45. Nd4+ Kf7 46. Nxf5 Be7 47. Kf2 Rxc1 48. Kg1 Ra1 49. Kf2 Kg6 50. Nxe7+ Kf6 51. Nd5+ Ke6 52. Nc3 Rc1 53. Ne4 Rc2+ 54. Kg1 Nf7 55. Bd3 Rb2 56. Kf1 d5 57. Nc5+ Kf6 58. Nd7+ Ke7 59. Nc5 Kf6 60. Be2 Rc2 61. Nd3 Ra2 62. Nb4 Rd2 63. Nc6 Kg6 64. Ke1 Ra2 65. Ne7+ Kg7 66. Nxd5 Nh6 67. Ne7 Kf6 68. Nd5+ Kg7 69. Nc3 Rc2 70. Kd1 Rb2 71. Ne4 Rb1+ 72. Kc2 Rh1 73. Be5+ Kg6 74. Bd3 Nf5 75. Nd6 Rg1 76. Bxf5+ 1-0

[Event "Sochi Pearl Blitz op"]
[Site "Sochi"]
[Date "2023.10.12"]
[Round "4"]
[White "Obgolts, Erik"]
[Black "Sukhareva, Evgenia"]
[Result "1-0"]
[WhiteElo "2448"]
[BlackElo "2111"]
[PlyCount "73"]
[EventDate "2023.10.12"]
[EventType "swiss (blitz)"]
[EventRounds "13"]
[EventCountry "RUS"]
[SourceTitle "Mega2024 Update 01"]
[Source "Chessbase"]
[SourceDate "2023.11.12"]
[SourceVersion "1"]
[SourceVersionDate "2023.11.12"]
[SourceQuality "1"]

1. d4 Nf6 2. Nf3 e6 3. Bf4 b6 4. e3 Bb7 5. Nbd2 g6 6. a4 a5 7. Bb5 Bg7 8. 0-0 0-0 9. Qe2 d6 10. h3 Qe7 11. e4 Nh5 12. Bh2 e5 13. dxe5 dxe5 14. Rfe1 c6 15. Bd3 Nd7 16. Nc4 Ba6 17. Qe3 Bxc4 18. Bxc4 Nc5 19. b3 Nf4 20. Rad1 Bh6 21. Qc3 Rfe8 22. Bg3 Kh8 23. Rd2 f6 24. Rdd1 Bg7 25. Bf1 h5 26. Nd2 Kh7 27. Nc4 Rab8 28. Qe3 Nfe6 29. Qc1 Nd4 30. Qb1 Bh6 31. Rxd4 exd4 32. Bxb8 Rxb8 33. Qd1 Ne6 34. h4 Bf4 35. g3 Bh6 36. Bh3 c5 37. Qf3 1-0

[Event "RUS-ch Rapid (Women)"]
[Site "Sochi"]
[Date "2022.10.15"]
[Round "3"]
[White "Kovalevskaya, Ekaterina"]
[Black "Sukhareva, Evgenia"]
[Result "1-0"]
[WhiteElo "2354"]
[BlackElo "2113"]
[PlyCount "49"]
[EventDate "2022.10.15"]
[EventType "swiss (rapid)"]
[EventRounds "11"]
[EventCountry "RUS"]
[SourceTitle "CBM 210 Extra"]
[Source "ChessBase"]
[SourceDate "2022.11.30"]
[SourceVersion "1"]
[SourceVersionDate "2022.11.30"]
[SourceQuality "1"]

1. Nf3 Nf6 2. g3 b6 3. Bg2 Bb7 4. 0-0 e6 5. c4 g6 6. Nc3 Bg7 7. d4 Ne4 8. Nxe4 Bxe4 9. Bg5 Qc8 10. Qd2 0-0 11. Bh6 d6 12. Qf4 Qb7 13. Qh4 Bxh6 14. Qxh6 f6 15. Bh3 Re8 16. Nd2 Bc6 17. e4 Bd7 18. Bg2 e5 19. f4 Nc6 20. fxe5 fxe5 21. Rf7 Kxf7 22. Qxh7+ Kf8 23. Rf1+ Bf5 24. exf5 g5 25. Bd5 1-0

[Event "Rostov on Don rapid GP Stage 28th"]
[Site "Rostov on Don"]
[Date "2021.10.29"]
[Round "5"]
[White "Sukhareva, Evgenia"]
[Black "Medvedev, Matvey"]
[Result "1-0"]
[WhiteElo "2143"]
[BlackElo "1975"]
[PlyCount "63"]
[EventDate "2021.10.29"]
[EventType "swiss"]
[EventRounds "11"]
[EventCountry "RUS"]
[SourceTitle "CBM 204 Extra"]
[Source "ChessBase"]
[SourceDate "2021.11.30"]
[SourceVersion "1"]
[SourceVersionDate "2021.11.30"]
[SourceQuality "1"]

1. d4 d5 2. Nf3 Nf6 3. c4 e6 4. Nc3 Be7 5. e3 0-0 6. b3 b6 7. Bd3 Bb7 8. 0-0 Nbd7 9. Bb2 Bd6 10. Nb5 Be7 11. Qe2 a6 12. Nc3 c5 13. Rfd1 Bd6 14. Rac1 Qe7 15. e4 dxe4 16. Nxe4 Nxe4 17. Bxe4 Bxe4 18. Qxe4 Nf6 19. Qh4 Nd7 20. Qg4 Nf6 21. Qh3 cxd4 22. Nxd4 Rac8 23. Re1 Ba3 24. Nf5 Qc5 25. Re5 Bxb2 26. Rxc5 Rxc5 27. Rb1 Rxf5 28. Rxb2 Rd8 29. Rb1 Ne4 30. Rf1 Nd2 31. Rd1 Nf3+ 32. Qxf3 1-0

[Event "RUS-ch Blitz (Women)"]
[Site "Sochi"]
[Date "2021.10.11"]
[Round "2"]
[White "Samigullina, Diana"]
[Black "Sukhareva, Evgenia"]
[Result "0-1"]
[WhiteElo "2161"]
[BlackElo "2143"]
[PlyCount "61"]
[EventDate "2021.10.11"]
[EventType "swiss (blitz)"]
[EventRounds "13"]
[EventCountry "RUS"]
[SourceTitle "CBM 204 Extra"]
[Source "ChessBase"]
[SourceDate "2021.11.30"]
[SourceVersion "1"]
[SourceVersionDate "2021.11.30"]
[SourceQuality "1"]

1. d4 Nf6 2. Nf3 e6 3. Bf4 b6 4. e3 Bb7 5. h3 g6 6. Be2 Bg7 7. 0-0 d6 8. c3 Nbd7 9. a4 a6 10. Nbd2 Qe7 11. a5 b5 12. c4 bxc4 13. Nxc4 0-0 14. Rc1 Ne4 15. Qb3 Rab8 16. Qa3 c5 17. Ncd2 Rfd8 18. Nxe4 Bxe4 19. Bxa6 Bxf3 20. gxf3 Qh4 21. Kg2 e5 22. Bg3 Qe7 23. d5 e4 24. Rc2 exf3+ 25. Kh2 h5 26. h4 Be5 27. Kg1 Rb4 28. Bc4 Bxg3 29. fxg3 Qe4 30. Qd3 Qg4 31. Kh2 0-1

[Event "RUS-ch Blitz (Women)"]
[Site "Sochi"]
[Date "2021.10.11"]
[Round "3"]
[White "Sukhareva, Evgenia"]
[Black "Borisova, Ekaterina"]
[Result "0-1"]
[WhiteElo "2143"]
[BlackElo "2250"]
[PlyCount "82"]
[EventDate "2021.10.11"]
[EventType "swiss (blitz)"]
[EventRounds "13"]
[EventCountry "RUS"]
[SourceTitle "CBM 204 Extra"]
[Source "ChessBase"]
[SourceDate "2021.11.30"]
[SourceVersion "1"]
[SourceVersionDate "2021.11.30"]
[SourceQuality "1"]

1. d4 Nf6 2. c4 e6 3. Nc3 Bb4 4. Qc2 c5 5. e3 0-0 6. Nf3 cxd4 7. exd4 d5 8. a3 Be7 9. Bg5 dxc4 10. Bxc4 Nbd7 11. 0-0 b6 12. Rad1 Bb7 13. Ne5 Rc8 14. Ba2 h6 15. Bh4 Ne4 16. Bxe7 Qxe7 17. Bb1 Ndf6 18. Rfe1 Rfd8 19. Re3 Kf8 20. f3 Nxc3 21. bxc3 Qxa3 22. Nxf7 Kxf7 23. Qg6+ Kf8 24. Rxe6 Bd5 25. Rxf6+ gxf6 26. Qxf6+ Bf7 27. Qh8+ Ke7 28. Re1+ Kd7 29. Qf6 Bc4 30. Re7+ Qxe7 31. Bf5+ Be6 32. Qe5 Bxf5 33. Qxf5+ Qe6 34. Qh7+ Kd6 35. h3 Rxc3 36. Qxa7 Rc1+ 37. Kh2 Rc6 38. Qa3+ Kd7 39. Qa7+ Rc7 40. Qa4+ Ke7 41. Qb4+ Qd6+ 0-1

[Event "RUS-ch Blitz (Women)"]
[Site "Sochi"]
[Date "2021.10.11"]
[Round "9"]
[White "Sukhareva, Evgenia"]
[Black "Paramzina, Anastasya"]
[Result "1-0"]
[WhiteElo "2143"]
[BlackElo "2260"]
[PlyCount "45"]
[EventDate "2021.10.11"]
[EventType "swiss (blitz)"]
[EventRounds "13"]
[EventCountry "RUS"]
[SourceTitle "CBM 204 Extra"]
[Source "ChessBase"]
[SourceDate "2021.11.30"]
[SourceVersion "1"]
[SourceVersionDate "2021.11.30"]
[SourceQuality "1"]

1. d4 Nf6 2. c4 g6 3. Nc3 d5 4. cxd5 Nxd5 5. e4 Nxc3 6. bxc3 Bg7 7. Be3 c5 8. Nf3 Qa5 9. Bd2 0-0 10. Be2 Bg4 11. e5 Nc6 12. 0-0 Rfd8 13. h3 Bxf3 14. Bxf3 Qc7 15. e6 f5 16. d5 Ne5 17. Bf4 Nxf3+ 18. Qxf3 Be5 19. Bg5 c4 20. Rfe1 Bg7 21. Rad1 b5 22. d6 Rxd6 23. Qxa8+ 1-0

[Event "RUS-chT rapid (Women)"]
[Site "Sochi"]
[Date "2019.10.18"]
[Round "5.2"]
[White "Sukhareva, Evgenia"]
[Black "Girya, Olga"]
[Result "0-1"]
[WhiteElo "2122"]
[BlackElo "2476"]
[PlyCount "96"]
[EventDate "2019.10.18"]
[EventType "team-tourn (rapid)"]
[EventRounds "9"]
[EventCountry "RUS"]
[SourceTitle "CBM 192 Extra"]
[Source "Chessbase"]
[SourceDate "2019.11.06"]
[SourceVersion "1"]
[SourceVersionDate "2019.11.06"]
[SourceQuality "1"]
[WhiteTeam "Bukavushki Samara (W)"]
[BlackTeam "Ugra (W)"]
[WhiteTeamCountry "RUS"]
[BlackTeamCountry "RUS"]

1. d4 d5 2. Nf3 Nf6 3. c4 c6 4. cxd5 cxd5 5. Nc3 Nc6 6. Bf4 Bf5 7. e3 e6 8. Bd3 Bxd3 9. Qxd3 Be7 10. 0-0 0-0 11. Rac1 Rc8 12. h3 a6 13. Qe2 Nd7 14. Ne1 b5 15. Nd3 Nb6 16. Nb1 Nc4 17. Nd2 Nb4 18. b3 Nxa2 19. bxc4 bxc4 20. Ne5 Nxc1 21. Rxc1 f6 22. Nef3 Ba3 23. Rc2 Qb6 24. e4 Qb5 25. Qe3 Qa4 26. Ne1 Rfe8 27. Bg3 Bb4 28. Ndf3 Qb3 29. Qe2 a5 30. Kh2 Qb1 31. Bf4 Qb3 32. Nd2 Bxd2 33. Bxd2 c3 34. Bf4 Qc4 35. Qe3 dxe4 36. f3 exf3 37. Nxf3 a4 38. Bd6 Qb3 39. Qe2 a3 40. Bc5 e5 41. Qf2 exd4 42. Bxd4 a2 43. Rxa2 c2 44. Rb2 Qd3 45. Rb7 c1Q 46. Rxg7+ Kxg7 47. Bxf6+ Kg8 48. Nh4 Qd6+ 0-1

[Event "RUS-ch blitz (Women)"]
[Site "Sochi"]
[Date "2019.10.17"]
[Round "12"]
[White "Bykova, Anastasia"]
[Black "Sukhareva, Evgenia"]
[Result "0-1"]
[WhiteElo "2247"]
[BlackElo "2122"]
[PlyCount "92"]
[EventDate "2019.10.17"]
[EventType "swiss (blitz)"]
[EventRounds "15"]
[EventCountry "RUS"]
[SourceTitle "CBM 192 Extra"]
[Source "Chessbase"]
[SourceDate "2019.11.06"]
[SourceVersion "1"]
[SourceVersionDate "2019.11.06"]
[SourceQuality "1"]

1. d4 d5 2. c4 e6 3. g3 Nf6 4. Nf3 Be7 5. Bg2 0-0 6. 0-0 c6 7. Nbd2 b6 8. Qc2 Na6 9. a3 Bb7 10. e4 c5 11. e5 Nd7 12. dxc5 bxc5 13. b3 d4 14. Ng5 Bxg5 15. Bxb7 Nc7 16. Bxa8 Qxa8 17. f4 Be7 18. Nf3 g6 19. Bd2 Ne8 20. b4 Ng7 21. Qd3 h5 22. h3 Nf5 23. g4 hxg4 24. hxg4 Nh6 25. f5 Nxg4 26. fxg6 Ndxe5 27. gxf7+ Rxf7 28. Nxe5 Nxe5 29. Rxf7 Nxd3 30. Rxe7 Qf3 31. Re8+ Kg7 32. Re7+ Kf8 33. Rf1 Qxf1+ 34. Kxf1 Kxe7 35. Ke2 Ne5 36. bxc5 Nxc4 37. Bb4 e5 38. Kd3 Nb2+ 39. Ke4 Ke6 40. c6 Nc4 41. Bc5 a6 42. a4 Na5 43. Bxd4 exd4 44. Kxd4 Nxc6+ 45. Kc5 Kd7 46. Kb6 a5 0-1

[Event "RUS-ch blitz (Women)"]
[Site "Sochi"]
[Date "2019.10.17"]
[Round "11"]
[White "Sukhareva, Evgenia"]
[Black "Dubnikova, Anastasia"]
[Result "1-0"]
[WhiteElo "2122"]
[BlackElo "2171"]
[PlyCount "82"]
[EventDate "2019.10.17"]
[EventType "swiss (blitz)"]
[EventRounds "15"]
[EventCountry "RUS"]
[SourceTitle "CBM 192 Extra"]
[Source "Chessbase"]
[SourceDate "2019.11.06"]
[SourceVersion "1"]
[SourceVersionDate "2019.11.06"]
[SourceQuality "1"]

1. d4 Nf6 2. c4 e6 3. Nc3 Bb4 4. Qc2 d5 5. cxd5 exd5 6. Bg5 c6 7. e3 h6 8. Bh4 Nbd7 9. Nf3 0-0 10. Bd3 Re8 11. 0-0 a6 12. h3 Qc7 13. Rac1 Bd6 14. Ne2 Ne4 15. Bxe4 Rxe4 16. Nc3 Re8 17. Nxd5 Qb8 18. Nc3 g5 19. Nxg5 hxg5 20. Bxg5 Nf8 21. Ne4 Rxe4 22. Qxe4 Be6 23. f4 Bd5 24. Qf5 Qe8 25. Rce1 Qe6 26. Qc2 Be4 27. Qf2 f5 28. Qg3 Ng6 29. h4 Kf7 30. h5 Ne7 31. Qh4 Rh8 32. h6 Qg6 33. Rf2 Ng8 34. g4 Nxh6 35. Rh2 Bf8 36. Kf1 Bg7 37. Bd8 Nxg4 38. Qe7+ Kg8 39. Rxh8+ Kxh8 40. Ke2 Qh5 41. Qh4 Qxh4 1-0

[Event "RUS-ch blitz (Women)"]
[Site "Sochi"]
[Date "2019.10.17"]
[Round "1"]
[White "Sukhareva, Evgenia"]
[Black "Kochukova, Anna"]
[Result "1-0"]
[WhiteElo "2122"]
[BlackElo "2143"]
[PlyCount "99"]
[EventDate "2019.10.17"]
[EventType "swiss (blitz)"]
[EventRounds "15"]
[EventCountry "RUS"]
[SourceTitle "CBM 192 Extra"]
[Source "Chessbase"]
[SourceDate "2019.11.06"]
[SourceVersion "1"]
[SourceVersionDate "2019.11.06"]
[SourceQuality "1"]

1. d4 Nf6 2. c4 e6 3. Nc3 Bb4 4. Qc2 d5 5. cxd5 exd5 6. Nf3 0-0 7. Bg5 Re8 8. e3 c6 9. Bd3 h6 10. Bh4 Nbd7 11. 0-0 Nf8 12. h3 Be6 13. Ne5 N8d7 14. f4 Nf8 15. Rad1 c5 16. a3 Bxc3 17. bxc3 c4 18. Be2 Rc8 19. Rb1 b6 20. Bd1 Bd7 21. Qe2 Bf5 22. Rb4 Qd6 23. Ba4 Red8 24. Bd1 N8d7 25. a4 Re8 26. Bc2 Bxc2 27. Qxc2 Ne4 28. Ra1 Ndf6 29. a5 Ra8 30. Bxf6 Qxf6 31. Rb5 Qd6 32. Rab1 Rab8 33. Qb2 g6 34. Ng4 Kg7 35. Ne5 h5 36. Nf3 Rec8 37. Ne5 Re8 38. Kh2 Rec8 39. axb6 axb6 40. Rxb6 Rxb6 41. Qxb6 Qxb6 42. Rxb6 Nxc3 43. Rb7 Rf8 44. Nd7 Rd8 45. Ne5 Rf8 46. Rd7 Kf6 47. Rc7 Kg7 48. Rb7 Kf6 49. Nd7+ Kg7 50. Nxf8 1-0

[Event "RUS-ch rapid (Women)"]
[Site "Sochi"]
[Date "2019.10.16"]
[Round "6"]
[White "Pogonina, Natalija"]
[Black "Sukhareva, Evgenia"]
[Result "1-0"]
[WhiteElo "2501"]
[BlackElo "2122"]
[PlyCount "67"]
[EventDate "2019.10.15"]
[EventType "swiss"]
[EventRounds "11"]
[EventCountry "RUS"]
[SourceTitle "CBM 192 Extra"]
[Source "Chessbase"]
[SourceDate "2019.11.06"]
[SourceVersion "1"]
[SourceVersionDate "2019.11.06"]
[SourceQuality "1"]

1. d4 Nf6 2. c4 e6 3. g3 c5 4. d5 exd5 5. cxd5 d6 6. Bg2 g6 7. Nc3 Bg7 8. Nf3 0-0 9. 0-0 Re8 10. Bf4 Nh5 11. Bg5 f6 12. Bd2 Na6 13. e4 f5 14. exf5 Bxf5 15. Ng5 Qd7 16. Ne6 Rxe6 17. dxe6 Bxe6 18. Re1 Nc7 19. Bxb7 Rb8 20. Bf3 Nf6 21. Bf4 Nfe8 22. Qd2 Qf7 23. Bg2 d5 24. Rxe6 Qxe6 25. Bxd5 Nxd5 26. Bxb8 Ndf6 27. Re1 Qb6 28. Be5 Qc6 29. Qe2 h6 30. Ne4 Kh7 31. Bc3 c4 32. Nxf6+ Nxf6 33. Qe7 Kh8 34. Re6 1-0

[Event "RUS-ch rapid (Women)"]
[Site "Sochi"]
[Date "2019.10.16"]
[Round "9"]
[White "Sukhareva, Evgenia"]
[Black "Styazhkina, Anna"]
[Result "1-0"]
[WhiteElo "2122"]
[BlackElo "2280"]
[PlyCount "103"]
[EventDate "2019.10.15"]
[EventType "swiss"]
[EventRounds "11"]
[EventCountry "RUS"]
[SourceTitle "CBM 192 Extra"]
[Source "Chessbase"]
[SourceDate "2019.11.06"]
[SourceVersion "1"]
[SourceVersionDate "2019.11.06"]
[SourceQuality "1"]

1. d4 d5 2. Nf3 Nf6 3. c4 c6 4. cxd5 cxd5 5. Nc3 Nc6 6. Bf4 a6 7. e3 Bg4 8. Be2 e6 9. 0-0 Be7 10. Rc1 0-0 11. h3 Bxf3 12. Bxf3 Rc8 13. Be2 Nd7 14. Bd3 h6 15. Bb1 Nb6 16. Qd3 f5 17. Qe2 Bf6 18. Rfd1 Qd7 19. f3 Rfd8 20. Qf2 Kh8 21. Qe2 g5 22. Bh2 Qg7 23. g4 f4 24. exf4 Nxd4 25. Qg2 Nc4 26. Rd3 Rf8 27. Rcd1 Nxb2 28. Qxb2 Nb5 29. fxg5 hxg5 30. Qf2 Nxc3 31. Re1 Rc4 32. Kg2 Rfc8 33. Bg3 Nxb1 34. Rxb1 Rc2 35. Rd2 Qg6 36. Rbd1 d4 37. h4 d3 38. Qe3 gxh4 39. Bf4 R8c6 40. Kh3 Rxd2 41. Rxd2 Rc3 42. Qxe6 Kg7 43. g5 Bd4 44. Be5+ Bxe5 45. Qxe5+ Kf7 46. Qxc3 Qf5+ 47. Kg2 Qxg5+ 48. Kf2 Qg3+ 49. Ke3 h3 50. Qc4+ Ke7 51. Qe4+ Kf6 52. Qf4+ 1-0

[Event "RUS-ch rapid (Women)"]
[Site "Sochi"]
[Date "2019.10.16"]
[Round "8"]
[White "Vasilevich, Tatjana"]
[Black "Sukhareva, Evgenia"]
[Result "0-1"]
[WhiteElo "2265"]
[BlackElo "2122"]
[PlyCount "117"]
[EventDate "2019.10.15"]
[EventType "swiss"]
[EventRounds "11"]
[EventCountry "RUS"]
[SourceTitle "CBM 192 Extra"]
[Source "Chessbase"]
[SourceDate "2019.11.06"]
[SourceVersion "1"]
[SourceVersionDate "2019.11.06"]
[SourceQuality "1"]

1. d4 Nf6 2. Nf3 e6 3. e3 b6 4. Bd3 Bb7 5. Nbd2 c5 6. b3 cxd4 7. exd4 Nd5 8. 0-0 Nf4 9. Bc4 a6 10. Re1 Bb4 11. Bf1 h5 12. g3 Nd5 13. c4 Nf6 14. Bg2 d5 15. Bb2 Nbd7 16. a3 Be7 17. Ne5 0-0 18. Qe2 Rb8 19. cxd5 Nxd5 20. Qxh5 Nxe5 21. Qxe5 Bf6 22. Qe2 g6 23. Nc4 Rc8 24. Rac1 Bg5 25. Rc2 Bh6 26. Ne5 Qd6 27. Nc4 Qd8 28. h4 b5 29. Ne5 Rxc2 30. Qxc2 Qe7 31. Qc5 Qd8 32. Nc6 Qf6 33. Bxd5 exd5 34. Ne7+ Kg7 35. Qc7 Ba8 36. Kg2 Bd2 37. Re5 Rh8 38. Qc2 Bf4 39. gxf4 Qxh4 40. Kf3 Qh1+ 41. Ke2 Qg1 42. Qd3 Rh2 43. Qf3 Qb1 44. Bc3 Rh1 45. Nf5+ Kf6 46. Bd2 gxf5 47. Qg2 Qd1+ 48. Kd3 Qxb3+ 49. Ke2 Qd1+ 50. Kd3 Qb1+ 51. Ke2 Qd1+ 52. Kd3 Qh5 53. Qg5+ Qxg5 54. fxg5+ Kg6 55. Re8 Bc6 56. Rc8 Bd7 57. Rg8+ Kh7 58. Rd8 Be6 59. Ke2 0-1

[Event "RUS-ch rapid (Women)"]
[Site "Sochi"]
[Date "2019.10.15"]
[Round "5"]
[White "Sukhareva, Evgenia"]
[Black "Ambartsumova, Karina"]
[Result "1-0"]
[WhiteElo "2122"]
[BlackElo "2336"]
[PlyCount "70"]
[EventDate "2019.10.15"]
[EventType "swiss"]
[EventRounds "11"]
[EventCountry "RUS"]
[SourceTitle "CBM 192 Extra"]
[Source "Chessbase"]
[SourceDate "2019.11.06"]
[SourceVersion "1"]
[SourceVersionDate "2019.11.06"]
[SourceQuality "1"]

1. d4 Nf6 2. c4 g6 3. Nc3 Bg7 4. e4 d6 5. Bg5 0-0 6. f3 c5 7. d5 a6 8. a4 Qa5 9. Qd2 b5 10. cxb5 Nbd7 11. bxa6 Bxa6 12. Bxa6 Qxa6 13. Nge2 Rfb8 14. 0-0 Rb4 15. Rab1 Rab8 16. Qc2 Qc4 17. Rfd1 h6 18. Be3 Ne8 19. Qd2 Qa6 20. Bxh6 Bxh6 21. Qxh6 Rxb2 22. Rxb2 Rxb2 23. Rd2 Rb4 24. h4 Ng7 25. Ng3 Qc4 26. Nce2 Nf6 27. e5 Nxd5 28. exd6 exd6 29. h5 Nf4 30. hxg6 Nxg6 31. Rxd6 Rb8 32. Qg5 Qc2 33. Rd2 Qxa4 34. Ne4 Qa1+ 35. Kf2 Ne6 1-0

[Event "Wch Blitz (Women)"]
[Site "St Petersburg"]
[Date "2018.12.30"]
[Round "15"]
[White "Tsolakidou, Stavroula"]
[Black "Sukhareva, Evgenia"]
[Result "1-0"]
[WhiteElo "2387"]
[BlackElo "2126"]
[PlyCount "87"]
[EventDate "2018.12.29"]
[EventType "swiss (blitz)"]
[EventRounds "17"]
[EventCountry "RUS"]
[SourceTitle "CBM 187 Extra"]
[Source "ChessBase"]
[SourceDate "2018.11.04"]
[SourceVersion "1"]
[SourceVersionDate "2018.11.04"]
[SourceQuality "1"]

1. e4 c5 2. Nf3 e6 3. d4 cxd4 4. Nxd4 a6 5. c4 Qc7 6. Nc3 b6 7. Be2 Bb7 8. 0-0 Nf6 9. Qd3 d6 10. f4 Nbd7 11. b4 g6 12. Be3 Bg7 13. Rac1 0-0 14. Rfd1 Rfd8 15. Nd5 exd5 16. cxd5 Nc5 17. bxc5 bxc5 18. Bf3 Re8 19. Nc6 a5 20. e5 Nd7 21. Bf2 a4 22. Rb1 Bc8 23. Bg3 a3 24. Re1 Ba6 25. Qd2 Bh6 26. e6 Nf6 27. Qc2 Bb7 28. f5 Bg7 29. exf7+ Qxf7 30. fxg6 hxg6 31. h3 g5 32. Bxd6 g4 33. hxg4 Nh7 34. Ne7+ Kh8 35. Rxb7 Bd4+ 36. Kf1 Rab8 37. Ng6+ Qxg6 38. Qxg6 Rxe1+ 39. Kxe1 Rxb7 40. Be4 Nf6 41. Qh6+ Kg8 42. Bf5 Bc3+ 43. Kf1 Ra7 44. Be6+ 1-0